[Event "24th ECC"]
[Site "Kallithea GRE"]
[Date "2008.10.22"]
[Round "6"]
[White "Mamedyarov,S"]
[Black "Huzman,A"]
[Result "1/2-1/2"]
[WhiteElo "2731"]
[BlackElo "2590"]

1.d4 d5 2.c4 c6 3.Nc3 Nf6 4.Nf3 dxc4 5.a4 Bf5 6.Ne5 Nbd7 7.Nxc4 Nb6 8.Ne5 a5
9.Rg1 g6 10.g4 Be6 11.e4 Bg7 12.f4 O-O 13.Be3 Ne8 14.f5 Bc8 15.Qb3 Nd7 16.Nxd7 Bxd7
17.h4 e6 18.h5 exf5 19.hxg6 hxg6 20.gxf5 Qh4+ 21.Bf2 Qf4 22.fxg6 Nf6 23.Be2 Rae8
24.e5 Bf5 25.Rg3 Ng4 26.Bxg4 Bxg4 27.Ne2 Qf5 28.Kd2 Re6 29.Rag1 Rxg6 30.Qd3 Qxd3+
31.Kxd3 Bf5+ 32.Kc4 b5+ 33.Kc5 bxa4 34.Nf4 Rxg3 35.Bxg3 Rb8 36.Bh4 Kh7 37.Nh5 Bh8
38.Bf6 Rxb2 39.Bxh8 Kxh8 40.Nf6 Bg6 41.Kxc6 a3 42.e6 Re2 43.d5 Kg7 44.Nh5+ Kh7
45.d6 Rc2+ 46.Kd7 fxe6 47.Nf6+ Kh6 48.Ke7 Rd2 49.Rg3 a2 50.Ra3 Kg5 51.d7 Bb1
52.Ne8 Rxd7+ 53.Kxd7 e5 54.Nd6 e4 55.Nc4 Kf4 56.Kd6 Bd3 57.Nb2 Bb1 58.Nd1 Bc2
59.Nc3 Bb3 60.Ne2+ Ke3 61.Nc3 Kd2 62.Nxe4+ Kc2 63.Nc5 a4 64.Nxa4 Bxa4 65.Rxa2+ Kb3  1/2-1/2

[Event "24th ECC"]
[Site "Kallithea GRE"]
[Date "2008.10.23"]
[Round "7"]
[White "Mamedyarov,S"]
[Black "Hammer,J"]
[Result "1/2-1/2"]
[WhiteElo "2731"]
[BlackElo "2522"]

1.d4 Nf6 2.c4 e6 3.Nf3 b6 4.g3 Ba6 5.b3 Bb4+ 6.Bd2 Be7 7.Nc3 O-O 8.Rc1 d5
9.cxd5 Nxd5 10.Nxd5 exd5 11.Bg2 c5 12.O-O Nc6 13.Bc3 Rc8 14.dxc5  1/2-1/2

[Event "12th Corsica Masters KO"]
[Site "Ajaccio FRA"]
[Date "2008.10.27"]
[Round "1.1"]
[White "Mamedyarov,S"]
[Black "Brih,S"]
[Result "1-0"]
[WhiteElo "2731"]
[BlackElo "2243"]

1.d4 Nf6 2.c4 g6 3.Nc3 d5 4.cxd5 Nxd5 5.e4 Nxc3 6.bxc3 Bg7 7.Bb5+ c6 8.Ba4 O-O
9.Ne2 b5 10.Bb3 Nd7 11.h4 c5 12.h5 cxd4 13.cxd4 Nc5 14.hxg6 hxg6 15.Bd5 Bb7
16.Bxb7 Nxb7 17.Qd3 Qd7 18.Qg3 Rfc8 19.Qh4 f5 20.Qh7+ Kf7 21.Bh6 Rg8 22.Nf4 Qc6
23.exf5 Qe4+ 24.Kf1 Qxf5 25.Rh5 Qf6 26.Nxg6 Qxd4 27.Rf5+ Ke6 28.Re1+ Kd6
29.Bf4+ e5 30.Bxe5+ Bxe5 31.Qe7+ Kc6 32.Nxe5+ Kd5  1-0

[Event "12th Corsica Masters KO"]
[Site "Ajaccio FRA"]
[Date "2008.10.28"]
[Round "3.2"]
[White "Tregubov,P"]
[Black "Mamedyarov,S"]
[Result "0-1"]
[WhiteElo "2646"]
[BlackElo "2731"]

1.d4 Nf6 2.c4 g6 3.Nc3 d5 4.cxd5 Nxd5 5.e4 Nxc3 6.bxc3 Bg7 7.Be3 c5 8.Rc1 O-O
9.d5 Qa5 10.Qd2 e6 11.c4 Qxd2+ 12.Kxd2 b6 13.Ne2 f5 14.f3 fxe4 15.fxe4 Nd7
16.Nf4 Nf6 17.Bd3 Ng4 18.Rcf1 Nxe3 19.Kxe3 e5 20.Nh3 Bh6+ 21.Ke2 Rxf1 22.Rxf1 Bg4+
23.Ke1 Bxh3 24.gxh3 Rf8 25.Rg1 Rf3 26.Be2 Rxh3 27.Rf1 Bf4 28.Bf3 Kf7  0-1

[Event "12th Corsica Masters KO"]
[Site "Ajaccio FRA"]
[Date "2008.10.28"]
[Round "4.1"]
[White "Mamedyarov,S"]
[Black "Tiviakov,S"]
[Result "1-0"]
[WhiteElo "2731"]
[BlackElo "2686"]

1.d4 Nf6 2.c4 e6 3.Nc3 Bb4 4.f3 d5 5.a3 Bxc3+ 6.bxc3 c6 7.Bg5 h6 8.Bh4 Nbd7
9.Qc2 e5 10.e3 O-O 11.cxd5 cxd5 12.Bd3 Re8 13.Ne2 exd4 14.exd4 Nb6 15.O-O Bd7
16.Rae1 Rc8 17.Qc1 Na4 18.Qd2 a6 19.Nf4 Rxe1 20.Rxe1 g5 21.Nh3 Bxh3 22.Re5 Nd7
23.Bxg5 hxg5 24.Rxg5+ Kf8 25.gxh3 Rxc3 26.Rxd5 Qe7 27.Bf5 Qe3+ 28.Qxe3 Rxe3
29.Rxd7 Rxf3 30.Bg4 Rxa3 31.Rxb7 Nc3 32.Bh5 Ra5 33.Rxf7+ Kg8 34.Rc7 Rxh5
35.Rxc3 a5 36.Kf2 a4 37.Ra3 Ra5 38.Ke3 Kf7 39.Kd3 Ke6 40.Kc4 Ra8 41.h4 Rc8+
42.Kd3 Ra8 43.h5 Kd5 44.h3 Rg8 45.Rxa4 Rg3+ 46.Ke2 Rxh3 47.Kf2 Ke4 48.Ra5 Kxd4
49.Kg2 Rc3 50.h6 Rc7 51.Rh5 Rh7 52.Kf3 Rf7+ 53.Kg4 Rh7 54.Kf5 Rh8 55.h7 Kd5  1-0

[Event "12th Corsica Masters KO"]
[Site "Ajaccio FRA"]
[Date "2008.10.28"]
[Round "4.2"]
[White "Tiviakov,S"]
[Black "Mamedyarov,S"]
[Result "1/2-1/2"]
[WhiteElo "2686"]
[BlackElo "2731"]

1.e4 d6 2.d4 Nf6 3.Nc3 g6 4.Bg5 h6 5.Bh4 Bg7 6.Qd2 g5 7.Bg3 Nh5 8.O-O-O Nd7
9.e5 dxe5 10.dxe5 e6 11.Qe2 Nxg3 12.hxg3 Qe7 13.f4 Nb6 14.Qe4 c6 15.Qf3 Bd7
16.Ne4 O-O-O 17.c4 Kb8 18.Nd6 f6 19.Qe3 gxf4 20.gxf4 fxe5 21.fxe5 Qg5 22.Qxg5 hxg5
23.Rxh8 Rxh8 24.Re1 g4 25.Bd3 Rh5 26.Nf7 Be8 27.Bg6 Rh6 28.Nxh6 Bxh6+ 29.Kc2 Bxg6+
30.Kc3 Na4+ 31.Kb3 Nc5+ 32.Kc3 Na4+ 33.Kb3 Nc5+ 34.Kc3 Na4+  1/2-1/2

[Event "38th Olympiad"]
[Site "Dresden GER"]
[Date "2008.11.22"]
[Round "9"]
[White "Mamedyarov,S"]
[Black "Solak,D"]
[Result "1/2-1/2"]
[WhiteElo "2731"]
[BlackElo "2595"]

1.d4 d5 2.c4 c6 3.Nc3 Nf6 4.Nf3 dxc4 5.a4 Bf5 6.Ne5 e6 7.f3 Bb4 8.Nxc4 O-O
9.Bg5 h6 10.Bh4 c5 11.dxc5 Qxd1+ 12.Kxd1 Nc6 13.e4 Bh7 14.Bf2 Rfd8+ 15.Kc2 Nd7
16.Rd1 f5 17.Nd6 Bxc5 18.Bh4 g5 19.Bg3 fxe4 20.Nxb7 exf3+ 21.Kb3 Nd4+ 22.Ka2 Bc2
23.Rd2 Bb3+ 24.Kb1 e5 25.gxf3 Rdb8 26.Bxe5 Nxe5 27.Nxc5 Ndxf3 28.Rf2 Bf7
29.Bg2 g4 30.h3 h5 31.hxg4 hxg4 32.Bxf3 gxf3 33.Rg1+ Bg6+ 34.Ka1 Kf7 35.Nd5 Rc8
36.Nd7 Nxd7 37.Rxf3+ Kg7 38.Ne7 Ne5 39.Rfg3 Rc4 40.b3 Rc2 41.Nxg6 Nxg6 42.Rxg6+ Kf7
43.Kb1 Rf2 44.Rg7+ Kf6 45.R1g6+ Ke5 46.Rc6 Kd5 47.Rc3 Rh8 48.Rc2 Rxc2 49.Kxc2 Ra8
50.Kc3 Kc5 51.Rg6 a5 52.Rf6 Ra7 53.Rf8 Kb6 54.Rb8+ Ka6 55.b4 axb4+ 56.Kxb4 Rb7+
57.Rxb7 Kxb7 58.a5 Ka8 59.a6 Ka7 60.Kb3 Kxa6  1/2-1/2

[Event "38th Olympiad"]
[Site "Dresden GER"]
[Date "2008.11.25"]
[Round "11"]
[White "Mamedyarov,S"]
[Black "Vachier Lagrave,M"]
[Result "1/2-1/2"]
[WhiteElo "2731"]
[BlackElo "2716"]

1.d4 Nf6 2.c4 g6 3.f3 c5 4.d5 Bg7 5.e4 d6 6.Nc3 O-O 7.Bg5 h6 8.Be3 e6 9.Qd2 exd5
10.cxd5 Nbd7 11.Nh3 Nh7 12.Be2 Ne5 13.Nf2 h5 14.O-O f5 15.Rae1 g5 16.exf5 Bxf5
17.Nfe4 Nf7 18.Bd3 Ne5 19.Be2 Nf7 20.Ng3 Bg6 21.Bd3 Bxd3 22.Qxd3 Ne5 23.Qc2 h4
24.Nh5 Qd7 25.f4 gxf4 26.Bxf4 Rae8 27.h3 Qf7 28.Bxe5 Qxh5 29.Bxd6 Bd4+ 30.Kh1 Rxe1
31.Rxe1 Rf2 32.Qe4 Ng5 33.Qe7 Qg6 34.Bxc5 Nf7 35.Qe4 Qxe4 36.Nxe4 Bxc5 37.Nxf2 Bxf2
38.Re8+ Kg7 39.Re7 Kf6 40.Rxb7 Nd6  1/2-1/2

[Event "Bundesliga 2008-9"]
[Site "Emsdetten GER"]
[Date "2008.11.29"]
[Round "5"]
[White "Kasimdzhanov,R"]
[Black "Mamedyarov,S"]
[Result "1/2-1/2"]
[WhiteElo "2672"]
[BlackElo "2731"]

1.d4 Nf6 2.c4 g6 3.Nc3 d5 4.Nf3 Bg7 5.cxd5 Nxd5 6.e4 Nxc3 7.bxc3 c5 8.Be3 O-O
9.Be2 cxd4 10.cxd4 Qa5+ 11.Bd2 Qd8 12.Rc1 Bg4 13.Be3 Qa5+ 14.Qd2 Nc6 15.Qxa5 Nxa5
16.Nd2 Rac8 17.Rxc8 Bxc8 18.O-O Nc6 19.Nb3 Nb4 20.Rc1 Nxa2 21.Rc7 Rd8 22.Bd2 Bd7
23.Rxb7 Ba4 24.d5 Nc3 25.Bxc3 Bxc3 26.Nc5 Bc2 27.Rxa7 Bd4 28.Ra2 Bb1 29.Ra5 Bxc5
30.Rxc5 Bxe4 31.Bf3 Bxf3 32.gxf3 Kf8 33.Ra5 Ke8 34.Kg2 Kd7 35.Kg3 Kd6 36.Kf4 Rc8
37.Ra7 Rc4+ 38.Kg3 Rd4 39.Rb7 Rxd5 40.f4 Rd3+ 41.f3 Ke6 42.Ra7 Kf6 43.h4 Rd2
44.Ra5 Kg7 45.Ra8 Kh6 46.Rf8 Kg7 47.Ra8 Rd5 48.Ra7 e6 49.Rb7 Rf5 50.Ra7 Kf6
51.Rb7 Rd5 52.Ra7 h5 53.Rb7 Kg7 54.Ra7 Kf8 55.Rb7 Ke8 56.Ra7 Rd7 57.Ra6 Kd8
58.Rc6 Ra7 59.Rd6+ Kc7 60.Rd1 Ra5 61.Rd2 Kc6 62.Rd1 Rd5 63.Rc1+ Kd6 64.Ra1 Rc5
65.Rd1+ Ke7 66.Ra1 Kf6 67.Ra7 e5 68.fxe5+ Rxe5 69.Kf4 Rf5+ 70.Kg3 Rb5 71.Kf4 Rb4+
72.Kg3 Rd4 73.Ra6+ Ke5 74.Ra5+ Rd5 75.Ra4 f6 76.Re4+ Kf5 77.Rf4+ Ke6 78.Re4+ Re5
79.Ra4 Re2 80.Ra5 Re5 81.Ra4 g5 82.hxg5 Rxg5+ 83.Kf2 Kf5 84.Ra5+ Kg6 85.Ra4 Rb5
86.Kg3 Kg5 87.Rc4 Rf5 88.Ra4 h4+ 89.Rxh4 Rxf3+ 90.Kxf3 Kxh4 91.Ke4  1/2-1/2

[Event "Bundesliga 2008-9"]
[Site "Emsdetten GER"]
[Date "2008.11.30"]
[Round "6"]
[White "Mamedyarov,S"]
[Black "Halkias,S"]
[Result "1/2-1/2"]
[WhiteElo "2731"]
[BlackElo "2584"]

1.d4 d5 2.c4 e6 3.Nc3 Be7 4.cxd5 exd5 5.Bf4 c6 6.e3 Bd6 7.Qf3 Ne7 8.Bd3 O-O
9.Nge2 Bf5 10.Bxf5 Nxf5 11.g4 Nh4 12.Qg3 Be7 13.O-O-O g5 14.Bxb8 Rxb8 15.f4 b5
16.Kb1 Bd6 17.Qf2 f6 18.Ng3 Qe7 19.Rhe1 b4 20.Na4 b3 21.axb3 Rxb3 22.Qc2 Qb7
23.Nh5 Rb4 24.Rd3 Qa6 25.Ra3 Nf3 26.Qf5 Rxb2+ 27.Nxb2 Bxa3 28.Qe6+ Rf7 29.Nxf6+ Kg7
30.Ne8+ Kg8 31.Nf6+ Kg7 32.Nh5+ Kf8 33.Nf6  1/2-1/2

[Event "Bundesliga 2008-9"]
[Site "Eppingen GER"]
[Date "2009.02.28"]
[Round "12"]
[White "Mamedyarov,S"]
[Black "Tiviakov,S"]
[Result "1/2-1/2"]
[WhiteElo "2731"]
[BlackElo "2686"]

1.e4 c5 2.Nf3 Nc6 3.d4 cxd4 4.Nxd4 g6 5.c4 Nf6 6.Nc3 Nxd4 7.Qxd4 d6 8.Be2 Bg7
9.Bg5 O-O 10.Qd2 Be6 11.O-O Qa5 12.Rac1 a6 13.Rfe1 Rfc8 14.b3 b5 15.Bf3 Rab8
16.Nd5 Qxd2 17.Bxd2 Bxd5 18.cxd5 Nd7 19.Bg4 Rxc1 20.Rxc1 Nc5 21.f3 b4 22.Kf1 a5
23.Be3 Bc3 24.Bxc5 dxc5 25.Ke2 a4 26.Bd7  1/2-1/2

[Event "Bundesliga 2008-9"]
[Site "Eppingen GER"]
[Date "2009.03.01"]
[Round "13"]
[White "Shirov,A"]
[Black "Mamedyarov,S"]
[Result "1/2-1/2"]
[WhiteElo "2726"]
[BlackElo "2731"]

1.e4 c5 2.Nf3 d6 3.d4 cxd4 4.Nxd4 Nf6 5.Nc3 Nc6 6.Bg5 e6 7.Qd2 a6 8.O-O-O Be7
9.f4 Nxd4 10.Qxd4 b5 11.Be2 Bb7 12.Bf3 O-O 13.e5 Bxf3 14.exf6 gxf6 15.gxf3 fxg5
16.Ne4 d5 17.Nxg5 Bf6 18.Qd3 Bxg5 19.Rhg1 Qf6 20.fxg5 Qg6 21.f4 Rac8 22.f5 exf5
23.Rgf1 Rfe8 24.Qxf5 Qxf5 25.Rxf5 Re2 26.Rd2 Re1+ 27.Rd1 Re2 28.Rd2  1/2-1/2

[Event "4th FIDE GP"]
[Site "Nalchik RUS"]
[Date "2009.04.16"]
[Round "2"]
[White "Leko,P"]
[Black "Mamedyarov,S"]
[Result "1/2-1/2"]
[WhiteElo "2751"]
[BlackElo "2725"]

1.e4 c5 2.Nf3 d6 3.d4 cxd4 4.Nxd4 Nf6 5.Nc3 Nc6 6.Bg5 e6 7.Qd2 Be7 8.O-O-O a6
9.f4 Nxd4 10.Qxd4 b5 11.Bxf6 gxf6 12.f5 Bd7 13.Kb1 Qc7 14.Be2 Qc5 15.Qxc5 dxc5
16.Bh5 Rd8 17.fxe6 Bxe6 18.Nd5 Bxd5 19.exd5 Rg8 20.Bf3 Bd6 21.c3 Kd7 22.Kc2 Rde8
23.a4 b4 24.Kd3 Be5 25.Kc4 Rb8 26.d6 Bxd6 27.Rd5 Rg5 28.Rhd1 Rxd5 29.Rxd5 h6
30.Rh5 Bf8 31.h3 bxc3 32.bxc3 Rb1 33.Be4 Ra1 34.Bc2 Rg1 35.Be4 Ra1 36.Bc2 Rg1
37.Be4 Ra1  1/2-1/2

[Event "4th FIDE GP"]
[Site "Nalchik RUS"]
[Date "2009.04.21"]
[Round "6"]
[White "Mamedyarov,S"]
[Black "Grischuk,A"]
[Result "1-0"]
[WhiteElo "2725"]
[BlackElo "2748"]

1.d4 d5 2.c4 c6 3.Nc3 Nf6 4.e3 a6 5.Qc2 e6 6.Nf3 c5 7.cxd5 exd5 8.Be2 Nc6
9.Ne5 Qc7 10.Nxc6 Qxc6 11.O-O Bd6 12.dxc5 Qxc5 13.Bd2 O-O 14.Rac1 d4 15.Ne4 Nxe4
16.Qxe4 Qe5 17.Qxe5 Bxe5 18.b3 dxe3 19.Bxe3 Be6 20.Bf3 Rab8 21.Ba7 Ra8 22.Bc5 Rfb8
23.g3 a5 24.Rfe1 Bc7 25.Be3 Bd6 26.Red1 Be5 27.Rc5 f6 28.Rb5 a4 29.Bxb7 axb3
30.axb3 Ra3 31.b4 Ra4 32.Bc5 Kf7 33.h4 Ra2 34.Rb6 Rb2 35.Re1 Ba2 36.f4 Bc3
37.Re7+ Kg6 38.Be4+  1-0

[Event "4th FIDE GP"]
[Site "Nalchik RUS"]
[Date "2009.04.23"]
[Round "8"]
[White "Mamedyarov,S"]
[Black "Ivanchuk,V"]
[Result "1/2-1/2"]
[WhiteElo "2725"]
[BlackElo "2746"]

1.d4 Nf6 2.c4 g6 3.Nf3 Bg7 4.g3 c6 5.Bg2 d5 6.cxd5 cxd5 7.O-O O-O 8.Nc3 Ne4
9.Ne5 Bf5 10.Qb3 Nc6 11.Rd1 Na5 12.Qxd5 Nxc3 13.bxc3 Qxd5 14.Bxd5 Rad8 15.Bf3 Bxe5
16.e4 Bxe4 17.Bxe4 Bd6 18.c4 Nxc4 19.Bxb7 Rb8 20.Ba6 Nb2 21.Rd2 Na4 22.Rc2 Rb4
23.Be3 Nb6 24.Rac1 h5 25.Bb7 Nc4 26.Rxc4 Rxb7 27.d5 a5 28.Bc5 Rc8 29.Bxd6 Rxc4
30.Rxc4 exd6 31.Rc6 Rb2 32.Rxd6 Rxa2 33.Rd8+ Kg7 34.d6 Kf6 35.Re8 Rd2 36.Ra8 Rxd6
37.Rxa5 Kg7  1/2-1/2

[Event "4th FIDE GP"]
[Site "Nalchik RUS"]
[Date "2009.04.24"]
[Round "9"]
[White "Bacrot,E"]
[Black "Mamedyarov,S"]
[Result "1-0"]
[WhiteElo "2728"]
[BlackElo "2725"]

1.e4 c5 2.Nf3 e6 3.d4 cxd4 4.Nxd4 Nc6 5.Nc3 a6 6.Nxc6 bxc6 7.Bd3 d5 8.O-O Nf6
9.Re1 Be7 10.e5 Nd7 11.Qg4 g6 12.Na4 c5 13.c4 Qa5 14.Qd1 dxc4 15.Be4 Rb8
16.Bh6 Rb4 17.Nc3 Rxb2 18.Qc1 Rb8 19.Bc6 Bb7 20.Ba4 Kd8 21.Rd1 Bd5 22.Qc2 Rb4
23.Bd2 Ba8 24.Be1 Rxa4 25.Nxa4 Qb5 26.Rab1 Qc6 27.f3 Ke8 28.Rxd7 Kxd7 29.Qd1+ Kc8
30.Nb6+ Kb7 31.Nd5+  1-0

[Event "4th FIDE GP"]
[Site "Nalchik RUS"]
[Date "2009.04.27"]
[Round "11"]
[White "Gelfand,B"]
[Black "Mamedyarov,S"]
[Result "1-0"]
[WhiteElo "2733"]
[BlackElo "2725"]

1.Nf3 Nf6 2.c4 e6 3.d4 d5 4.g3 Bb4+ 5.Bd2 Be7 6.Bg2 O-O 7.O-O c6 8.Bf4 Nbd7
9.Nc3 Nh5 10.Bc1 Nhf6 11.Bf4 Nh5 12.Bc1 Nhf6 13.b3 b6 14.Nd2 Ba6 15.Bb2 b5
16.cxd5 cxd5 17.a3 Nb6 18.Nf3 Rc8 19.Ne5 Bd6 20.Nd3 Qd7 21.Qd2 Bb7 22.Rfc1 a6
23.Na2 Qe7 24.Qa5 Bc7 25.Nc5 Nbd7 26.Qd2 Nxc5 27.dxc5 Bb8 28.Bxf6 Qxf6 29.b4 Bc6
30.Nc3 Rfd8 31.e3 Be5 32.Rab1 Bxc3 33.Rxc3 d4 34.exd4 Bxg2 35.Kxg2 Rxd4 36.Rd3 Rcd8
37.Rxd4 Qxd4 38.Qxd4 Rxd4 39.Rc1 Kf8 40.Kf3 Ke7 41.Ke3 Rd8 42.a4 bxa4 43.Ra1 e5
44.Rxa4 Rd4 45.f4 f6 46.Rxa6 Rxb4 47.Ra7+ Ke6 48.fxe5 Rb3+ 49.Ke4 f5+ 50.Kd4 Rb4+
51.Kc3 Rb5 52.Kc4 Rb2 53.c6 Kxe5 54.Rxg7 Rxh2 55.c7 Rc2+ 56.Kb3  1-0

[Event "4th FIDE GP"]
[Site "Nalchik RUS"]
[Date "2009.04.28"]
[Round "12"]
[White "Mamedyarov,S"]
[Black "Eljanov,P"]
[Result "1/2-1/2"]
[WhiteElo "2725"]
[BlackElo "2693"]

1.d4 Nf6 2.c4 e6 3.Nf3 d5 4.Nc3 Nbd7 5.a3 Be7 6.Bf4 dxc4 7.e4 a6 8.Bxc4 b5
9.Ba2 Bb7 10.e5 Nd5 11.Nxd5 Bxd5 12.Bxd5 exd5 13.O-O c6 14.e6 fxe6 15.Qe2 O-O
16.Qxe6+ Kh8 17.Be5 c5 18.Rad1 c4 19.Qxd5 Nxe5 20.dxe5 Qxd5 21.Rxd5 Rfd8
22.Rfd1 Kg8 23.Kf1 Kf7 24.Ke2 Rxd5 25.Rxd5 Ke6 26.Rd1 Bc5 27.Ng5+ Kf5 28.f4 h6
29.g4+ Kxg4 30.Ne6 Rc8 31.Rd5 c3 32.bxc3 Bxa3 33.Nxg7 Kxf4 34.Kd3 Be7 35.Ne6+ Kg4
36.Rd7 Ba3 37.Nc7 b4 38.cxb4 Bxb4 39.Nxa6 Bf8 40.Ke4 Kh3 41.Rd2 h5 42.Kf5 h4
43.e6 Be7 44.Kg6 Rc6 45.Kf7 Bd6 46.Ra2 Rb6 47.Kg8 Rc6 48.Kf7 Rb6 49.Kg8 Rc6
50.Kf7  1/2-1/2

[Event "4th FIDE GP"]
[Site "Nalchik RUS"]
[Date "2009.04.29"]
[Round "13"]
[White "Kasimdzhanov,R"]
[Black "Mamedyarov,S"]
[Result "1/2-1/2"]
[WhiteElo "2695"]
[BlackElo "2725"]

1.d4 Nf6 2.c4 g6 3.Nc3 d5 4.Bf4 Bg7 5.e3 O-O 6.Rc1 c6 7.Nf3 Bg4 8.h3 Bxf3
9.Qxf3 Qa5 10.Bd3 Nbd7 11.O-O Rac8 12.Rfd1 a6 13.a3 Rfe8 14.Bh2 e6 15.Bf1 b5
16.cxd5 cxd5 17.g4 Nb6 18.g5 Nfd7 19.e4 Na4 20.exd5 Qd8 21.h4 Nxb2 22.Ne4 Rxc1
23.Rxc1 exd5 24.Nd6 Rf8 25.Rc6 Nc4 26.Qxd5 Ndb6 27.Qe4 Nd2 28.Qg4 Nxf1 29.Kxf1 Nc4
30.Rxa6 Qe7 31.Kg2 Rd8 32.Qe4 Qxe4+ 33.Nxe4 Bxd4 34.Nd6 Nxd6 35.Bxd6 Bg7
36.Rb6 Bd4 37.Ra6 Bg7 38.Rb6 Bd4 39.Ra6 Bg7  1/2-1/2

[Event "16th ORDIX Open"]
[Site "Mainz GER"]
[Date "2009.08.01"]
[Round "1"]
[White "Mamedyarov,S"]
[Black "Meyer,Ju1"]
[Result "1-0"]
[WhiteElo "2717"]
[BlackElo "2093"]

1.e4 c5 2.Nf3 d6 3.d4 cxd4 4.Nxd4 Nf6 5.Nc3 a6 6.f4 e5 7.Nf3 Nbd7 8.Bc4 Be7
9.a4 O-O 10.O-O b6 11.Kh1 Bb7 12.Qe2 Qc7 13.fxe5 dxe5 14.Bg5 h6 15.Bxf6 Nxf6
16.Nh4 Nxe4 17.Ng6 Nxc3 18.bxc3 Bxg2+ 19.Qxg2 Qxc4 20.Nxe7+  1-0

[Event "16th ORDIX Open"]
[Site "Mainz GER"]
[Date "2009.08.01"]
[Round "2"]
[White "Rupp,Mi"]
[Black "Mamedyarov,S"]
[Result "0-1"]
[WhiteElo "2258"]
[BlackElo "2717"]

1.d4 d5 2.c4 e6 3.Nf3 Nf6 4.Nc3 Bb4 5.Bg5 Nbd7 6.cxd5 exd5 7.e3 c5 8.Qc2 Qa5
9.Bd3 c4 10.Bf5 O-O 11.Nd2 g6 12.Bh3 Ne4 13.Ndxe4 dxe4 14.Bh6 Re8 15.O-O Nf6
16.Bxc8 Raxc8 17.f3 Bxc3 18.bxc3 exf3 19.Rxf3 Ne4 20.Raf1 Rc7 21.Bf4 Rd7
22.Be5 Rxe5 23.dxe5 Qxe5 24.Rf4 Re7 25.Qa4 b5 26.Qa5 Nxc3 27.Kh1 Kg7 28.h3 Ne2
29.a4 Ng3+ 30.Kg1  0-1

[Event "16th ORDIX Open"]
[Site "Mainz GER"]
[Date "2009.08.01"]
[Round "5"]
[White "Mamedyarov,S"]
[Black "Lysyj,I"]
[Result "1-0"]
[WhiteElo "2717"]
[BlackElo "2617"]

1.d4 e6 2.c4 Nf6 3.Nf3 b6 4.g3 Bb4+ 5.Nbd2 Ba6 6.Qc2 Bb7 7.Bg2 Be4 8.Qb3 Bxd2+
9.Bxd2 O-O 10.O-O d6 11.Qe3 a5 12.Rfd1 Nbd7 13.Rac1 Re8 14.Bc3 Qe7 15.Bh3 Bb7
16.Nd2 a4 17.f3 d5 18.Qf2 c5 19.dxc5 bxc5 20.cxd5 exd5 21.Bxf6 Nxf6 22.Rxc5 Qxe2
23.Qxe2 Rxe2 24.Bf1 Re7 25.Nb1 g6 26.Kf2 Ba6 27.Ra5 Rea7 28.Bxa6 Rxa6 29.Rxa6 Rxa6
30.Nc3 a3 31.b3 Rc6 32.Nb1 Kf8 33.Rd3 Ke7 34.Ke3 Ra6 35.Kd4 Kd6 36.b4 Ra4
37.Kc3 Nd7 38.Kb3 Ra8 39.Nxa3 Ne5 40.Nb5+ Kc6 41.Nd4+ Kb6 42.Rc3 Nc4 43.a4 Re8
44.Rd3 Re1 45.a5+ Ka6 46.Nc2 Rb1+ 47.Kc3 Rc1 48.f4 f5 49.h4 h5 50.Rd4 Na3
51.Rxd5 Nxc2 52.Rd6+ Kb5 53.Rb6+ Ka4 54.Kb2  1-0

[Event "16th ORDIX Open"]
[Site "Mainz GER"]
[Date "2009.08.02"]
[Round "6"]
[White "Nielsen,PH"]
[Black "Mamedyarov,S"]
[Result "1/2-1/2"]
[WhiteElo "2680"]
[BlackElo "2717"]

1.d4 g6 2.c4 Bg7 3.Nf3 d6 4.Nc3 Bg4 5.e3 Nf6 6.Be2 O-O 7.O-O Re8 8.h3 Bf5
9.Bd3 Bd7 10.e4 e5 11.d5 Nh5 12.Bg5 Qc8 13.Rc1 a5 14.c5 dxc5 15.d6 cxd6 16.Nd5 Nc6
17.Nb6 Qc7 18.Nd5 Qc8 19.Nb6 Qc7 20.Nd5 Qb8 21.Nb6 Be6 22.Nxa8 Qxa8 23.Bb5 h6
24.Be3 Rd8 25.Bxc6 bxc6 26.Qd2 Kh7 27.b3 a4 28.Qc2 axb3 29.axb3 Nf6 30.Nd2 Ne8
31.b4 cxb4 32.Qxc6 Qb8 33.Rb1 d5 34.Bc5 Rc8 35.Qb6 Qxb6 36.Bxb6 Bf8 37.Rfc1 Rxc1+
38.Rxc1 Nf6 39.Bc5 Bxc5 40.Rxc5 Nxe4 41.Nxe4 dxe4 42.Rxe5 b3 43.Rxe4 Bf5
44.Rb4 Bc2 45.Kf1 g5 46.Rb6 h5 47.g3 Kg7 48.Ke1 f6 49.Kd2 Kg6 50.Rb4 Kf5
51.h4 Kg6 52.Rb5 Kh6 53.Rb6 Kg7 54.hxg5 fxg5 55.Ke3 h4 56.gxh4 gxh4 57.Kf3 Kf7
58.Kg4 Ke7 59.f4 Kd7 60.f5 h3 61.Kxh3 Bxf5+ 62.Kg3 Bc2 63.Rxb3 Bxb3  1/2-1/2

[Event "XVIII TCh-MKD"]
[Site "Struga MKD"]
[Date "2009.08.11"]
[Round "2"]
[White "Mamedyarov,S"]
[Black "Chatalbashev,B"]
[Result "1-0"]
[WhiteElo "2717"]
[BlackElo "2548"]

1.d4 c5 2.dxc5 e6 3.Nc3 Nf6 4.e4 Nc6 5.f4 Bxc5 6.e5 Nd5 7.Ne4 O-O 8.Nf3 Ne3
9.Qe2 Nb4 10.Bxe3 Bxe3 11.c3 Nd5 12.g3 b5 13.Rd1 Ba6 14.a4 Rb8 15.b4 Qc7
16.a5 Bb7 17.Rd3 Bxf4 18.gxf4 Nxf4 19.Qe3 Bxe4 20.Qxe4 Nxd3+ 21.Bxd3 Qxc3+
22.Ke2 g6 23.Qf4 Rfc8 24.Rd1 d5 25.exd6 e5 26.Qf6 Rb7 27.h4 Qc6 28.h5 e4
29.h6 exd3+ 30.Kf2 Qc3 31.Nd4  1-0

[Event "4th Kolkata Open"]
[Site "Kolkata IND"]
[Date "2009.09.01"]
[Round "1"]
[White "Mamedyarov,S"]
[Black "Shivananda,B"]
[Result "1-0"]
[WhiteElo "2721"]
[BlackElo "2388"]

1.d4 Nf6 2.c4 g6 3.Nc3 d5 4.Bf4 Bg7 5.Rc1 O-O 6.e3 c6 7.Nf3 a6 8.c5 Nbd7
9.Be2 Re8 10.O-O h6 11.b4 Nh5 12.h3 Nxf4 13.exf4 Qc7 14.Qd2 h5 15.Ne5 Bh6
16.Qe3 Nxe5 17.dxe5 Be6 18.Rcd1 f6 19.Qg3 Kf7 20.f5 gxf5 21.Bxh5+ Kf8 22.Rfe1 Bg7
23.Qg6 Bg8 24.e6 Qf4 25.Ne2 Qg5 26.Nd4 Red8 27.Nxf5 a5 28.Rd4 Qxg6 29.Bxg6 axb4
30.Rxb4 Rdb8 31.Rg4 Bh8 32.Rh4 Bg7 33.Re3 Rxa2 34.Nxg7 Kxg7 35.Rg3 f5 36.Bf7+ Kf6
37.f4 Ra1+ 38.Kh2 Bxf7 39.Rh6+  1-0

[Event "4th Kolkata Open"]
[Site "Kolkata IND"]
[Date "2009.09.05"]
[Round "5"]
[White "Mamedyarov,S"]
[Black "Himanshu,Sh"]
[Result "1/2-1/2"]
[WhiteElo "2721"]
[BlackElo "2471"]

1.c4 Nf6 2.Nc3 e5 3.Nf3 Nc6 4.g3 d5 5.cxd5 Nxd5 6.Bg2 Nb6 7.O-O Be7 8.a3 O-O
9.d3 Be6 10.b4 f6 11.e3 Qd7 12.Qc2 Rad8 13.Rd1 a6 14.Bb2 Bg4 15.Rd2 f5 16.b5 axb5
17.Nxb5 f4 18.Rf1 Kh8 19.e4 Bf6 20.a4 Bxf3 21.Bxf3 fxg3 22.fxg3 Ra8 23.Qd1 Nxa4
24.Bg4 Nxb2 25.Rxb2 Qe7 26.h4 Ra5 27.Kg2 Na7 28.Nc3 c6 29.h5 b5 30.Bf5 b4
31.Nb1 Nb5 32.Nd2 Nd6 33.Nb3 Ra3 34.Qc2 Qa7 35.Bg4 Nb5 36.Qxc6 Nd4 37.Qd6 Qe7
38.Qxe7 Bxe7 39.Rxf8+ Bxf8 40.Nxd4 exd4 41.Rf2 Ra8 42.e5 g6 43.hxg6 hxg6
44.Bd1 Bc5 45.e6 Ra3 46.Rc2 Rc3 47.Rxc3 dxc3 48.Kf3 Kg7 49.Ke4 Kf6 50.Kd5 Bf8
51.d4 g5  1/2-1/2

[Event "4th Kolkata Open"]
[Site "Kolkata IND"]
[Date "2009.09.06"]
[Round "6"]
[White "Swapnil,SD"]
[Black "Mamedyarov,S"]
[Result "0-1"]
[WhiteElo "2407"]
[BlackElo "2721"]

1.d4 e6 2.c4 b6 3.Nf3 Bb7 4.e3 f5 5.Bd3 Nf6 6.O-O Be7 7.Nc3 O-O 8.Qc2 Qe8
9.e4 Qh5 10.Qe2 fxe4 11.Nxe4 Nxe4 12.Bxe4 Nc6 13.Be3 Qg4 14.Bxh7+ Kh8 15.h3 Nxd4
16.Bxd4 Bxf3 17.Qxf3 Qxf3 18.gxf3 Kxh7 19.Kg2 Rf4 20.Rad1 Bd6 21.b3 Raf8
22.Rd3 R8f5 23.Re1 Rg5+ 24.Kf1 Rh4 25.f4 Rgh5 26.Rg3 g5 27.Kg2 Bxf4 28.Rd3 Kg6
29.Be5 Rh7 30.Bxf4 Rxf4 31.Re2 Kf6 32.Rde3 Re7 33.Re1 Rh7 34.Kg3 Rhh4 35.Rd3 Rd4
36.Red1 Rxd3+ 37.Rxd3 d6 38.Rf3+ Ke7 39.Kg2 Rd4 40.Rg3 Kf6 41.Rf3+ Rf4 42.Rd3 a5
43.Rd2 e5 44.Rd3 Kf5 45.Re3 e4 46.Re2 Rf3 47.Rd2 Kf4 48.Re2 Rd3 49.Rb2 Ke5
50.Re2 Rc3 51.Rd2 c6 52.Rb2 b5 53.cxb5 cxb5 54.Rd2 d5 55.Re2 d4 56.Rd2 b4
57.Rb2 d3 58.Rb1 Kf4  0-1

[Event "4th Kolkata Open"]
[Site "Kolkata IND"]
[Date "2009.09.07"]
[Round "7"]
[White "Mamedyarov,S"]
[Black "Panchanathan,M"]
[Result "1-0"]
[WhiteElo "2721"]
[BlackElo "2532"]

1.Nf3 Nf6 2.c4 e6 3.Nc3 Bb4 4.g4 h6 5.Rg1 Nc6 6.Qc2 d6 7.d4 e5 8.a3 Bxc3+
9.Qxc3 Qe7 10.h3 a5 11.b3 Ne4 12.Qe3 Ng5 13.dxe5 Nxf3+ 14.exf3 dxe5 15.Bb2 Nd4
16.O-O-O c5 17.f4 a4 18.b4 cxb4 19.axb4 a3 20.Bxa3 Nc6 21.Kb2 e4 22.Qc3 O-O
23.b5 Rxa3 24.Qxa3 Qf6+ 25.Kb1 Be6 26.f5  1-0

[Event "4th Kolkata Open"]
[Site "Kolkata IND"]
[Date "2009.09.08"]
[Round "8"]
[White "Safarli,E"]
[Black "Mamedyarov,S"]
[Result "1/2-1/2"]
[WhiteElo "2587"]
[BlackElo "2721"]

1.e4 e6 2.d4 d5 3.Nc3 dxe4 4.Nxe4 Nd7 5.Nf3 Ngf6 6.Bd3 c5 7.O-O cxd4 8.Nxf6+ Nxf6
9.Nxd4 Bc5 10.Nf3 O-O 11.Bg5 h6 12.Bh4 b6 13.Qe2 Bb7 14.Rad1 Qc7 15.Bxf6 gxf6
16.Be4 Rad8 17.Bxb7 Qxb7 18.c3 a5 19.a4 f5 20.Rxd8 Rxd8 21.Rd1 Rxd1+ 22.Qxd1 Qe4
23.Ne1 Kg7 24.Nd3  1/2-1/2

[Event "4th Kolkata Open"]
[Site "Kolkata IND"]
[Date "2009.09.09"]
[Round "9"]
[White "Mamedyarov,S"]
[Black "Gagunashvili,M"]
[Result "1-0"]
[WhiteElo "2721"]
[BlackElo "2564"]

1.d4 d5 2.c4 c6 3.Nc3 Nf6 4.e3 g6 5.Nf3 Bg7 6.h3 O-O 7.Bd3 b6 8.O-O Bb7 9.e4 dxe4
10.Nxe4 Nbd7 11.Re1 Nxe4 12.Bxe4 e5 13.Bg5 f6 14.Bh4 g5 15.Qc2 gxh4 16.Bxh7+ Kh8
17.Qf5 Bh6 18.Nxh4 Bg5 19.Ng6+ Kg7 20.dxe5 Nxe5 21.Nxe5 fxe5 22.Qg6+ Kh8
23.Qh5 Qd2 24.Be4+ Bh6 25.Qg6 Qxf2+ 26.Kh1 Qf7 27.Qxh6+ Kg8 28.Re3  1-0

[Event "Open"]
[Site "Baku AZE"]
[Date "2009.09.28"]
[Round "8"]
[White "Smirin,I"]
[Black "Mamedyarov,S"]
[Result "1/2-1/2"]
[WhiteElo "2648"]
[BlackElo "2721"]

1.e4 e5 2.Nf3 Nc6 3.Bb5 a6 4.Ba4 b5 5.Bb3 Na5 6.O-O d6 7.d4 exd4 8.Nxd4 Bb7
9.c4 c5 10.Nf5 g6 11.Ne3 Nf6 12.Nc3 Nxb3 13.axb3 b4 14.Ncd5 Bg7 15.Nxf6+ Qxf6
16.Nd5 Qd8 17.Re1 O-O 18.Re2 Re8 19.Qd3 a5 20.Bf4 Bd4 21.Be3 Bxd5 22.Bxd4 Bb7
23.Be3 Rxe4 24.f3 Re6 25.Bf4 d5 26.Rxe6 fxe6 27.Qe3 Qf6 28.Be5 Qf5 29.Re1 Rc8
30.h4 d4  1/2-1/2